La conquista del fuego
Uloženo v:
| Hlavní autor: | |
|---|---|
| Médium: | Kniha |
| Jazyk: | španělština |
| Vydáno: |
Madrid
SM
1988
|
| Edice: | Colección de par en par
|
| Témata: | |
| Tagy: |
Přidat tag
Žádné tagy, Buďte první, kdo vytvoří štítek k tomuto záznamu!
|
MARC
| LEADER | 00000nam a2200000 a 4500 | ||
|---|---|---|---|
| 001 | UCH8171 | ||
| 003 | CL-VaPUC | ||
| 008 | 091127e19880000SP |||||||||||||||||spa|d | ||
| 020 | |a 8434823853 | ||
| 082 | 0 | 4 | |a 843 |b NOU |2 21 |
| 100 | |a Nougier, Louis-René |e autor |9 544617 | ||
| 245 | 1 | 3 | |a La conquista del fuego |
| 300 | |a 71 p | ||
| 942 | |c BK | ||
| 945 | |d 20091127 00:00:00 |a ccalabra | ||
| 260 | |a Madrid |b SM |c 1988 | ||
| 500 | |a A partir de 10 años | ||
| 650 | 0 | |a Literatura |9 259151 | |
| 650 | 0 | |a Literatura infantil |9 307465 | |
| 650 | 0 | |a Literatura francesa |9 266330 | |
| 650 | 0 | |a Escritores franceses |9 450149 | |
| 650 | 0 | |a Prehistoria |9 316557 | |
| 650 | 0 | |a Narrativa |9 336727 | |
| 583 | |a last modification |c 20091127 00:00:00 |k Rodrigo Vera | ||
| 490 | 0 | |a Colección de par en par | |
| 999 | |c 338405 |d 338403 | ||